Challenges and opportunities of restructuring the developing ESCAP economies in the 1990s, with special reference to regional economic cooperation (Record no. 475594)

000 -LEADER
fixed length control field 00604cam a22001337a 4500
008 - FIXED-LENGTH DATA ELEMENTS--GENERAL INFORMATION
fixed length control field 180718b1992 xxu||||| |||| 00| 0 eng d
082 ## - DEWEY DECIMAL CLASSIFICATION NUMBER
Classification number T19x5 Un3/1990
245 ## - TITLE STATEMENT
Title Challenges and opportunities of restructuring the developing ESCAP economies in the 1990s, with special reference to regional economic cooperation
Statement of responsibility, etc. by Economic and Social Commission for Asia and Pacific, United Nations
260 ## - PUBLICATION, DISTRIBUTION, ETC.
Place of publication, distribution, etc. Bangkok
Name of publisher, distributor, etc. UNESCAP
Date of publication, distribution, etc. 1992
300 ## - PHYSICAL DESCRIPTION
Extent 88p.
440 ## - SERIES STATEMENT/ADDED ENTRY--TITLE
Title Development papers No. 12
650 ## - SUBJECT ADDED ENTRY--TOPICAL TERM
Topical term or geographic name entry element Economic Conditions - Asia
700 ## - ADDED ENTRY--PERSONAL NAME
Personal name United Nations. Economic and Socila Commission for Asia and Pacific
Holdings
Withdrawn status Lost status Damaged status Not for loan Permanent Location Current Location Date acquired Full call number Barcode Date last seen Price effective from Koha item type
        Indian Institute of Public Administration Indian Institute of Public Administration 2018-08-04 T19x5 Un3/1990 GG21526 2018-08-04 2018-08-04 GG

Powered by Koha